| 000 | 00961nas a2200325 4500 | ||
|---|---|---|---|
| 001 | BR0802473 | ||
| 003 | BR-BrBNA | ||
| 005 | 20231205112012.0 | ||
| 007 | ta | ||
| 008 | 230509b bl.|||p| |||| 00| 00por d | ||
| 040 |
_aBR-BrBNA _bpor _cBiblioteca Nacional de Agricultura |
||
| 041 | _a(Pt) | ||
| 072 | _aF03 | ||
| 100 | 1 | _aSeiffert, M. | |
| 100 | 1 | _aAlvarenga, A.A. | |
| 100 | 1 | _aGuimarães, R.M. | |
| 100 | 1 | _aCastro, E.M. de | |
| 100 | 1 | _aCardoso, M. das G. | |
| 100 | 1 | _aPaiva, R. | |
| 100 | 1 | _aDousseau, S. | |
| 100 | 1 | _aVieira, C.V. | |
| 245 | 1 | _aEfeito da secagem e de diferentes temperaturas na germinação de sementes de Protium widgrenii Engler. | |
| 650 | _aSEMENTE | ||
| 650 | _aGERMINAÇÃO | ||
| 650 | _aTEMPERATURA | ||
| 650 | _aSECAGEM | ||
| 773 | 0 |
_tCiência e Agrotecnologia (Brazil) _xISSN 1413-7054 _g(Jan-Feb 2006), v. 30(1) p. 35-42 _wBR0802473 |
|
| 909 |
_a202311 _bLúcia _c55 _dLúcia Elande |
||
| 942 |
_2AGRIS _n0 _cANA |
||
| 999 |
_c195566 _d195566 |
||